| 000 | 00496pab a2200169 454500 | ||
|---|---|---|---|
| 008 | 180718b2013 xxu||||| |||| 00| 0 eng d | ||
| 100 | _aBala, Madhu | ||
| 245 | _aThe multiplier effects of the tourism industry: Validating the hypothesis of tourism - led employment growth in India | ||
| 260 | _c2013 | ||
| 300 | _ap.295-308. | ||
| 362 | _aApr-Jun | ||
| 650 | _aTourism | ||
| 700 | _aKulshrestha, Manisha | ||
| 773 | _aIndian Journal of Labour Economics | ||
| 908 | _aN | ||
| 909 | _a103321 | ||
| 999 |
_c103317 _d103317 |
||